00608cam a2200205 4500001001100000008004100011035002300052050002500075100004000100245007200140250000600212260003200218300002700250440002900277500001200306504002100318700003300339942001300372999001700385BFIL011215 1922 spa  a(Sirsi) BFIL011215 4aBX2179b.T4 T47 19221 aSanchez de Cepeda y Ahumada, Teresa 4aLas Moradas /cSanta Teresa ; prol. y notas de Tomas Navarro Tomas. a3 aMadrid :bLa Lectura,c1922 axvii, 327 p. ;c19 cm. 0aClasicos Castellanos ; 1 a1 ejem. aIncluye apendice1 aNavarro Tomas, Tomas,eprol. 2lcccLIB c93081d93081